El tomate rojo: (Record no. 218214)
[ view plain ]
| 000 -CABECERA | |
|---|---|
| campo de control de longitud fija | 00832 a2200241 4500 |
| 003 - IDENTIFICADOR DEL NÚMERO DE CONTROL | |
| campo de control | OSt |
| 005 - FECHA Y HORA DE LA ÚLTIMA TRANSACCIÓN | |
| campo de control | 20230623101231.0 |
| 008 - DATOS DE LONGITUD FIJA--INFORMACIÓN GENERAL | |
| campo de control de longitud fija | 230201s2016 mx a|||f |||| 001 0 spa d |
| 020 ## - NÚMERO INTERNACIONAL ESTÁNDAR DEL LIBRO | |
| Número Internacional Estándar del Libro | 9786071727619 |
| 040 ## - FUENTE DE LA CATALOGACIÓN | |
| Centro/agencia transcriptor | CHAP |
| 082 00 - NÚMERO DE LA CLASIFICACIÓN DECIMAL DEWEY | |
| Número de edición | 22 |
| Número de clasificación | 635.64285 |
| Número de documento/Ítem | R69 2016 |
| 100 1# - ENTRADA PRINCIPAL--NOMBRE DE PERSONA | |
| 9 (RLIN) | 98492 |
| Nombre de persona | Rodríguez Fuentes, Humberto |
| 245 13 - MENCIÓN DE TÍTULO | |
| Título | El tomate rojo: |
| Resto del título | sistema hidropónico / |
| Mención de responsabilidad, etc. | por Humberto Rodríguez Fuentes, Sergio Muñoz López y Efraín Alcorta García |
| 250 ## - MENCIÓN DE EDICIÓN | |
| Mención de edición | Tercera edición |
| 264 #1 - PRODUCCIÓN, PUBLICACIÓN, DISTRIBUCIÓN, FABRICACIÓN Y COPYRIGHT | |
| Producción, publicación, distribución, fabricación y copyright | México: |
| Nombre del de productor, editor, distribuidor, fabricante | Trillas, |
| Fecha de producción, publicación, distribución, fabricación o copyright | 2016. |
| 300 ## - DESCRIPCIÓN FÍSICA | |
| Extensión | 96 páginas: |
| Otras características físicas | Ilustraciones, cuadros |
| 500 ## - NOTA GENERAL | |
| Nota general | Incluye índice y bibliografía |
| 650 #4 - PUNTO DE ACCESO ADICIONAL DE MATERIA--TÉRMINO DE MATERIA | |
| 9 (RLIN) | 125666 |
| Término de materia o nombre geográfico como elemento de entrada | Tomate |
| Subdivisión general | Cultivos hidropónicos |
| 700 1# - PUNTO DE ACCESO ADICIONAL--NOMBRE DE PERSONA | |
| 9 (RLIN) | 187453 |
| Nombre de persona | Muñoz López, Sergio |
| 700 1# - PUNTO DE ACCESO ADICIONAL--NOMBRE DE PERSONA | |
| 9 (RLIN) | 187454 |
| Nombre de persona | Alcorta García, Efraín |
| 942 ## - ELEMENTOS DE PUNTO DE ACCESO ADICIONAL (KOHA) | |
| Tipo de ítem Koha | |
| Fuente del sistema de clasificación o colocación | Dewey Decimal Classification |
| 260 ## - PUBLICACIÓN, DISTRIBUCIÓN, ETC. | |
| Lugar de publicación, distribución, etc. | México: |
| Nombre del editor, distribuidor, etc. | Trillas, |
| Fecha de publicación, distribución, etc. | 2016. |
| Estado de retiro | Estado de pérdida | Fuente del sistema de clasificación o colocación | Estado dañado | Restricciones de uso | No para préstamo | Código de colección | Localización permanente | Ubicación/localización actual | Ubicación en estantería | Fecha de adquisición | Total de préstamos | Signatura topográfica completa | Código de barras | Fecha visto por última vez | Precio válido a partir de | Tipo de ítem Koha | En préstamo | Fecha del último préstamo | Número de copia |
|---|---|---|---|---|---|---|---|---|---|---|---|---|---|---|---|---|---|---|---|
| Dewey Decimal Classification | Préstamo 15 días | General | Biblioteca Central | Biblioteca Central | Planta principal - Colección General | 21/06/2023 | 635.64285 R69 2016 | 33724002575751 | 21/06/2023 | 21/06/2023 | Libro | ||||||||
| Dewey Decimal Classification | Préstamo 15 días | General | Biblioteca Central | Biblioteca Central | Planta principal - Colección General | 21/06/2023 | 2 | 635.64285 R69 2016 | 33724002575710 | 07/04/2026 | 21/06/2023 | Libro | 22/04/2026 | 07/04/2026 | c.2 |
